| 000 | 00984nam a22002417a 4500 | ||
|---|---|---|---|
| 001 | BD-DhSAU 7469 | ||
| 003 | BD-DhSAU | ||
| 005 | 20231129151343.0 | ||
| 008 | 150422b2006 bg ||||| m||m 00| 0 eng d | ||
| 040 | _aBD-DhSAU | ||
| 082 |
_222 _a581.35 _bAk79 |
||
| 100 |
_aAKTER, AYEASA _eRegistration No. # 15-06826 |
||
| 245 |
_aGenetic variability studies in muskmelon (cucumis melo l.) _bMS thesis |
||
| 260 |
_aSher-e- Bangla Agricultural University: _bDepartment of Genetics and Plant Breeding, _c2022. |
||
| 300 |
_axi, 89p.: _b30 cm. |
||
| 500 | _aMS thesis of Department of Genetics and Plant Breeding , Faculty of Agriculture, Sher-e-Bangla Agricultural University, Dhaka, Bangladesh | ||
| 590 | _aNamul | ||
| 650 | _amuskmelon (cucumis melo l.) | ||
| 700 |
_aProf. Dr. Md. Abdur Rahim _eSuperviser |
||
| 700 |
_aProf. Dr. Naheed Zeba _eCo-Superviser |
||
| 856 | _uhttp://archive.saulibrary.edu.bd:8080/xmlui/handle/123456789/5065 | ||
| 942 |
_2ddc _cTHESIS |
||
| 999 |
_c17358 _d17357 |
||